CHILD AND ADOLESCENT PSYCHIATRY (Record no. 14533)

MARC details
000 -LEADER
fixed length control field 00291nam a22001337a 4500
003 - CONTROL NUMBER IDENTIFIER
control field SGT
082 ## - DEWEY DECIMAL CLASSIFICATION NUMBER
Classification number 618.92
Item number C12G
100 ## - MAIN ENTRY--PERSONAL NAME
Personal name GOODMAN, ROBERT
245 ## - TITLE STATEMENT
Title CHILD AND ADOLESCENT PSYCHIATRY
260 ## - PUBLICATION, DISTRIBUTION, ETC. (IMPRINT)
Place of publication, distribution, etc UK
Name of publisher, distributor, etc WILEY
Year of Publication 2012
300 ## - PAGE DESCRIPTION
No. of Pages 387
650 ## - SUBJECT ADDED ENTRY--TOPICAL TERM
Topical term or geographic name as entry element PSYCHIATRY
942 ## - ADDED ENTRY ELEMENTS (KOHA)
Source of classification or shelving scheme Dewey Decimal Classification
Koha item type Books
942 ## - ADDED ENTRY ELEMENTS (KOHA)
-- 2
Holdings
Withdrawn status Lost status Source of classification or shelving scheme Damaged status Not for loan Collection code Home library Current library Shelving location Date acquired Vendor Name SGTU Total Checkouts Full call number Accession No. (Barcode) Date last seen Date last borrowed Bill Date Koha item type
    Dewey Decimal Classification     MEDICAL SGT Medical Library SGT Medical Library Reference Book 15/01/2018 ABC SGTU 4 618.92 C12G FM9329 02/05/2024 20/04/2024 08/07/2017 Books
    Dewey Decimal Classification     MEDICAL SGT Medical Library SGT Medical Library Reference Book 15/01/2018 ABC SGTU   618.92 C12G FM9330 15/01/2018   08/07/2017 Books